A ilha perdida (Record no. 147822)

MARC details
000 -LÍDER
campo de controle de tamanho fixo 00351 a2200157 4500
001 - NÚMERO DE CONTROLE
campo de controle 147822
040 ## - FONTE DA CATALOGAÇÃO
Instituição que transcreveu o registro Escola São Tomás de Aquino
100 ## - ENTRADA PRINCIPAL--NOME PESSOAL
Nome pessoal DUPRÉ, Maria José
240 10 - TÍTULO UNIFORME
Título uniforme A ilha perdida
Idioma da obra por
245 10 - TÍTULO
Título A ilha perdida
300 ## - DESCRIÇÃO FÍSICA
Extensão 133
362 0# - DATAS DE PUBLICAÇÃO E/OU DESIGNAÇÃO SEQUENCIAL
Datas de publicação e/ou designação sequencial 2014
440 #1 - DECLARAÇÃO DE SÉRIE/ENTRADA ADICIONADA--TÍTULO
Título Ática
697 ## - ENTRADA DE ASSUNTO LOCAL--ENTIDADE COLETIVA (RLIN)
Nome corporativo ou nome da jurisdição *LITERATURA INFANTO JUVENIL
942 ## - ELEMENTOS DE ENTRADA ADICIONADOS (KOHA)
Tipo de material Koha Livros
Holdings
Situação do descarte Situação das perdas Situação física Não pode ser emprestado Biblioteca de origem Biblioteca atual Data de aquisição Total de empréstimos Número de chamada completo Código de barras Data de último acesso Data do preço efetivo Tipo de material Koha Fonte da classificação ou esquema de arquivamento na estante Nota pública
        ESTA - SÃO BENTO ESTA - SÃO BENTO 30/04/2024   028.53 DUP ILH EST00001779 28/06/2024 30/04/2024 Livros    
        Novo Tempo - Aureliano São José Novo Tempo - Aureliano São José 08/05/2024     nt415 08/05/2024 08/05/2024 Livros Classificação Decimal de Dewey Estante Azul